000 02926nam0a22003851 4500
001 RU\NLR\UK\142
005 20260408064731.0
035 _a(NLR Aleph) 009797946
090 _a10163464
_c10163464
100 _a20260120 rusy50
101 0 _arus
102 _aRU
200 1 _a[О генеральной ревизии]
_f[Указ Елизаветы Петровны от 16 дек. 1743 г.]
210 _aПечатан в Санктпетербурге
_cПри Сенате
_d17 дек. 1743
215 _a[1] л.
_d
304 _aТекст начинается словами: Божиею милостию мы Елисавет Первая, императрица, и самодержица всероссииская, и прочая, и прочая, и прочая. Всемилостивеише указали мы, во всем нашем государстве мужеска полу душам учинить вновь генералную ревизию...
304 _aНазв. указа дано по ПСЗ.
304 _aСлева от М.П.: Подлиннои за подписанием ея императорскаго величества собственныя руки, состоялся в присудствии ея императорскаго величества в Правительствующем Сенате, декабря 16 дня, 1743 года.
306 _aВых. дан. указаны справа от М.П.
321 1 _aПСЗ. Т.11. 8835
481 0 _1001RU\NLR\A1\1713
_99665069
_c[Санктпетербург
_dгенваря 6 дня 1744]
_nПеч. при Сенате
_o[Утверждена декабря 16 дня 1743 года]
_p16, [2] с.
_tИнструкция, посланным для учинения вновь ревизии.
_uhttp://vivaldi.nlr.ru/lk000003762/view
517 1 _aБожиею милостию мы Елисавет Первая, императрица, и самодержица всероссииская, и прочая, и прочая, и прочая. Всемилостивеише указали мы, во всем нашем государстве мужеска полу душам учинить вновь генералную ревизию...
620 _dСанкт-Петербург
702 0 _4720
_8rus
_7ca
_aЕлизавета Петровна
_cимператрица российская
_f1709-1762
_3RU\NLR\AUTH\778655
_9118551
710 0 1 _aРоссия
_bИмператрица
_c1741-1762; Елизавета Петровна
_3RU\NLR\AUTH\8810042736
_9584915
712 0 2 _aСенатская типография
_cСанкт-Петербург
_4610
801 0 _aRU
_bNLR
_c20030129
852 _aNLR
_j18.14.1.35-1/56
852 _aNLR
_j123/141
852 _aNLR
_j18.105.1.27-1
942 _cBOOK
980 _aNB
980 _aA1XVIIIv
980 _aA1UKAZ